| 000 | 00639nam a22001937a 4500 | ||
|---|---|---|---|
| 999 |
_c535 _d535 |
||
| 003 | AR-CdUCM | ||
| 008 | 190225b ||||| |||| 00| 0 spa d | ||
| 040 |
_aMUNICIPALIDAD PROVINCIAL DEL CUSCO _cBIBLIOTECA MUNICIPAL DEL CUSCO |
||
| 082 |
_a869.56 / _bT33 |
||
| 100 |
_aTejada Manrique, Juan M. _92093 |
||
| 245 |
_aProsas líricas / _cJuan M. Tejada Manrique |
||
| 260 |
_aLima : _bAmazonía Print, _c1996. |
||
| 300 |
_a136 páginas ; _c20 cm. |
||
| 505 | _aContenido: Obras escritas en Arequipa el año 1960 | ||
| 650 |
_aProsas poéticas peruanas _92094 |
||
| 650 |
_aSiglo XX. _98 |
||
| 942 |
_2ddc _cLIBROS |
||
| 945 |
_aacv _d2019-02-25 |
||